000 00761nam a22002177a 4500
999 _c13289
_d13289
003 AR-CdUCM
008 190409b ||||| |||| 00| 0 spa d
020 _a978-607-404-971-8
040 _aMUNICIPALIDAD PROVINCIAL DEL CUSCO
_cBIBLIOTECA MUNICIPAL DEL CUSCO
082 _aEP / 809 /
_bT48
100 _aThomas, Tig
_931603
245 _aHistorias clásicas de animales /
260 _aMéxico :
_bSilver Dollphin,
_c2012.
300 _a511 páginas
_c23 cm.
505 _aContenido :Amigos y compañeros -- Mito y leyenda -- Trucos, trampas y travesuras -- Los cazadores -- Cuentos fantásticos ...
650 _aHistorietas
_910786
650 _aCuentos
_9217
700 _aCaballero, Samantha
_931604
942 _2ddc
_cLIBROS
945 _arum
_d2019-04-11